000 01051nam a2200253Ia 4500
003 GCL
008 140319s9999 xx 000 0 ara d
020 _a7765064977
040 _aGCL /
_cGCL
082 0 4 _a621.38933
_bف ت
100 1 _aفاروق محمد العامرى
245 1 0 _aتكنولوجيا الالكترونيات = ELECTORNICS TECHNOLOGY :
_bصيانة واصلاح اجهزة الاستريو والانتاج الصوتى /
_cفاروق محمد العامرى
250 _aالاولى
260 _aالقاهرة :
_bمعهد ناصر للدراسات الالكترونية ،
_c1998
300 _a133 ص:
_bايض ؛
_c24 سم
490 _aموسوعة العامرى للتكنولوجيا
_v8
650 0 4 _aالاجهزة الالكترونية
650 0 4 _aالدوائر الالكترونية
650 0 4 _aالالكترونيات
650 0 4 _aالمسجلات
650 0 4 _aالتسجيلات الصوتية - صيانة
650 0 4 _aالتسجيلات الصوتية - اجهزة
942 _2ddc
_cBK
999 _c4965
_d4965